Interpersonal communication / (Record no. 1574)

000 -LEADER
fixed length control field 01796cam a22003494a 4500
001 - CONTROL NUMBER
control field 16905073
003 - CONTROL NUMBER IDENTIFIER
control field OSt
005 - DATE AND TIME OF LATEST TRANSACTION
control field 20150323160001.0
008 - FIXED-LENGTH DATA ELEMENTS--GENERAL INFORMATION
fixed length control field 110805s2011 nyua b 001 0 eng
010 ## - LIBRARY OF CONGRESS CONTROL NUMBER
LC control number 2011032663
020 ## - INTERNATIONAL STANDARD BOOK NUMBER
International Standard Book Number 9780073406756 ((student's edition) : alk. paper)
020 ## - INTERNATIONAL STANDARD BOOK NUMBER
International Standard Book Number 0073406759 (alk. paper)
020 ## - INTERNATIONAL STANDARD BOOK NUMBER
International Standard Book Number 9780071315135 ((instructor's edition) : alk. paper)
020 ## - INTERNATIONAL STANDARD BOOK NUMBER
International Standard Book Number 9780077410056 (annotated instructor's edition)
020 ## - INTERNATIONAL STANDARD BOOK NUMBER
International Standard Book Number 0071315136 (alk. paper)
035 ## - SYSTEM CONTROL NUMBER
System control number (OCoLC)ocn746618767
040 ## - CATALOGING SOURCE
Original cataloging agency DLC
Transcribing agency DLC
Modifying agency YDX
-- YDXCP
-- CDX
-- DLC
042 ## - AUTHENTICATION CODE
Authentication code pcc
050 00 - LIBRARY OF CONGRESS CALL NUMBER
Classification number BF637.C45F56 2011
082 00 - DEWEY DECIMAL CLASSIFICATION NUMBER
Classification number 153.6
Edition number 23
100 1# - MAIN ENTRY--PERSONAL NAME
Personal name Floyd, Kory.
245 10 - TITLE STATEMENT
Title Interpersonal communication /
Statement of responsibility, etc Kory Floyd.
250 ## - EDITION STATEMENT
Edition statement 2nd ed.
260 ## - PUBLICATION, DISTRIBUTION, ETC. (IMPRINT)
Place of publication, distribution, etc New York :
Name of publisher, distributor, etc McGraw-Hill,
Date of publication, distribution, etc c2011.
300 ## - PHYSICAL DESCRIPTION
Extent xxvi, 405, [46] p. :
Other physical details ill. (chiefly col.) ;
Dimensions 26 cm.
504 ## - BIBLIOGRAPHY, ETC. NOTE
Bibliography, etc Includes bibliographical references and index.
505 0# - FORMATTED CONTENTS NOTE
Formatted contents note Fundamentals of interpersonal communication -- About communication -- Culture and gender -- Communication and the self -- Interpersonal perception -- Interpersonal communication skills in action -- Language -- Nonverbal communication -- Listening -- Emotion -- Dynamics of interpersonal relationships -- Interpersonal communication in friendships and professional relationships -- Interpersonal communication in romantic and family relationships -- Interpersonal conflict -- Deceptive communication.
650 #0 - SUBJECT ADDED ENTRY--TOPICAL TERM
Topical term or geographic name as entry element Interpersonal communication.
906 ## - LOCAL DATA ELEMENT F, LDF (RLIN)
a 7
b cbc
c orignew
d 1
e ecip
f 20
g y-gencatlg
942 ## - ADDED ENTRY ELEMENTS (KOHA)
Source of classification or shelving scheme
Koha item type Book
Holdings
Withdrawn status Lost status Source of classification or shelving scheme Damaged status Not for loan Home library Current library Shelving location Date acquired Total Checkouts Full call number Barcode Date last seen Copy number Price effective from Koha item type Total Renewals Date checked out
          Riara University Library Riara University Library General stack 23/03/2015   BF637.C45F56 2011 5397/15 23/03/2015 C.1 23/03/2015 Book    
          Riara University Library Riara University Library General stack 23/03/2015 1 BF637.C45F56 2011 5398/15 17/03/2016 C.2 23/03/2015 Book 1 30/01/2016
          Riara University Library Riara University Library General stack 23/03/2015 3 BF637.C45F56 2011 5399/15 06/05/2022 C.3 23/03/2015 Book 1 08/04/2022

Riara University Library,
P.O. Box 49940-00100,
Nairobi, Kenya.